000 01074naa a22002897a 4500
001 BR6009393
003 BR-BrBNA
005 20240918173015.0
007 ta
008 230509b bl.||||| |||| 00| 0 por d
040 _aBR-BrBNA
_bpor
_cBiblioteca Nacional de Agricultura
041 _a(Pt)
072 _aE70
_b/G514
090 _aE70 BR6009393
100 1 _aFraga, C.C.
111 1 _a5. Reuniao da Sociedade Brasileira de Economistas Rurais
_cRio de Janeiro, GB (Brazil)
_d21 Feb 1967
245 1 _aPrecos agricolas no Brasil [Comercializacao]
260 3 _aRio de Janeiro, GB (Brasil):
_c1967.
500 _aAnais da 5. Reuniao da Sociedade Brasileira de Economistas Rurais Rio de Janeiro, GB (Brasil): 1967. p. 101-110 (BR6009393-AM)E70
650 _aComercializacao
650 _aPreco
650 _aPreco minimo
650 _aPolitica de preco
773 0 _tAnais da 5. Reuniao da Sociedade Brasileira de Economistas Rurais
_wE70 BR6009393
_gRio de Janeiro, GB (Brasil), 1967. p. 101-110
909 _a202404
_bLucia
_c55
_dLucia Elande
942 _cAM
_2AGRIS
999 _c302478
_d302478